书目信息 |
| 题名: |
电气控制与PLC应用技术
|
|
| 作者: | 谭海明 主编 | |
| 分册: | ||
| 出版信息: | 北京 北京工业大学出版社 2021.8 |
|
| 页数: | 217页 | |
| 开本: | 24cm | |
| 丛书名: | ||
| 单 册: | ||
| 中图分类: | TM571.2 , TM571.61 | |
| 科图分类: | ||
| 主题词: | 电气控制 , PLC技术 | |
| 电子资源: | ||
| ISBN: | 978-7-5639-7393-4 | |
| 000 | 00817nam0 2200253 45 | |
| 001 | 012001002033 | |
| 005 | 20140913093130.0 | |
| 010 | @a978-7-5639-7393-4@dCNY58.00 | |
| 100 | @a20210408d2020 em y0chiy50 ea | |
| 101 | 0 | @achi |
| 102 | @aCN@b110000 | |
| 105 | @aa z 000yy | |
| 106 | @ar | |
| 200 | 1 | @a电气控制与PLC应用技术@Adian qi kong zhi yu PLC ying yong ji shu@f谭海明主编 |
| 210 | @a北京@c北京工业大学出版社@d2021.8 | |
| 215 | @a217页@c图@d24cm | |
| 330 | @a本书主要包括绪论、实验室相关知识、低压电器基础知识、接触器控制的三相异步电动机基本控制电路的安装与检修、 PLC应用技术等方面的内容。 | |
| 606 | 0 | @a电气控制 |
| 606 | 0 | @aPLC技术 |
| 690 | @aTM571.2@v5 | |
| 690 | @aTM571.61@v5 | |
| 701 | 0 | @a谭海明@Atan hai ming@4主编 |
| 801 | 0 | @aCN@bBJSDL@c20211011 |
| 905 | @b1338180-3@dTM571.2@e57@f4 | |
| 电气控制与PLC应用技术/谭海明主编.-北京:北京工业大学出版社,2021.8 |
| 217页:图;24cm |
| ISBN 978-7-5639-7393-4:CNY58.00 |
| 本书主要包括绪论、实验室相关知识、低压电器基础知识、接触器控制的三相异步电动机基本控制电路的安装与检修、 PLC应用技术等方面的内容。 |
| ● |
| 相关链接 |
|
|
|
|
正题名:电气控制与PLC应用技术
索取号:TM571.2/57
 
预约/预借
| 序号 | 登录号 | 条形码 | 馆藏地/架位号 | 状态 | 备注 |
| 1 | 1338180 | 213381801 | 第二样本阅览室/ [索取号:TM571.2/57] | 在馆 | |
| 2 | 1338181 | 213381810 | 第三借阅区/ [索取号:TM571.2/57] | 在馆 | |
| 3 | 1338182 | 213381829 | 第三借阅区/ [索取号:TM571.2/57] | 在馆 | |
| 4 | 1338183 | 213381838 | 第三借阅区/ [索取号:TM571.2/57] | 在馆 |